000 00823nam a2200181 a 4500
008 150806s2015 ||||||||||||||||| || u
050 _aZAM HC 517.R42 Zam
110 _aThe Government of the Republic of Zambia
245 1 0 _aZambia review. (15th edition)
_cby The Government of the Republic of Zambia (GRZ)
250 _a15th edition
260 _aLusaka
_c2015
300 _a136 pages : illustration
650 _aECONOMIC ACTIVITIES-ZAMBIA
650 _aECONOMIC SECTORS-ZAMBIA
650 _aECONOMIC AND SOCIAL DEVELOPMENT--ZAMBIA
995 _aSPECIAL COLLECTIONS
_e3526
_FCBU-MAIN LIBRARY (Kitwe)
_jZAM HC 517.R42 Zam
_M5
_UAVAILABLE
_WApr 10, 2018
_yB3526
_ZZambiana Collection
995 _aSPECIAL COLLECTIONS
_e3525
_FCBU-MAIN LIBRARY (Kitwe)
_jZAM HC 517.R42 Zam
_M4
_UAVAILABLE
_WApr 10, 2018
_yB3525
_ZZambiana Collection
999 _c83411
_d83411